[Event "SVK-ch U14"]
[Site "Tatralandia"]
[Date "2024.04.08"]
[Round "5"]
[White "Mazag, Martin"]
[Black "Foldesi, Marek1"]
[Result "1-0"]
[WhiteElo "1693"]
[BlackElo "1528"]
[PlyCount "67"]
[EventDate "2024.04.05"]
[EventType "swiss"]
[EventRounds "9"]
[EventCountry "SVK"]
[SourceTitle "CB16_2024"]
[SourceDate "2024.04.17"]
[SourceVersion "1"]
[SourceVersionDate "2024.04.17"]
[SourceQuality "1"]

1. e4 d6 2. d4 Nf6 3. Nc3 g6 4. Be3 Bg7 5. Qd2 0-0 6. Bh6 c6 7. Bxg7 Kxg7 8. Bd3 b5 9. a3 Nbd7 10. Nge2 Bb7 11. f3 e5 12. dxe5 dxe5 13. 0-0-0 Nc5 14. Qe3 Nxd3+ 15. Rxd3 Qe7 16. g4 h5 17. gxh5 Nxh5 18. Rg1 a5 19. Ng3 Nxg3 20. Rxg3 b4 21. Nb1 Ba6 22. Rd1 Rfd8 23. Rdg1 Rd6 24. Rh1 Rad8 25. h4 Qd7 26. Rgg1 Rh8 27. h5 Rh6 28. Qxh6+ Kxh6 29. hxg6+ Kg7 30. Rh7+ Kf6 31. g7 Be2 32. g8N+ Ke6 33. Rh6+ f6 34. Rxf6# 1-0

[Event "SVK-ch U14"]
[Site "Tatralandia"]
[Date "2024.04.07"]
[Round "3"]
[White "Mazag, Martin"]
[Black "Kis, Arnold"]
[Result "1-0"]
[WhiteElo "1693"]
[BlackElo "1000"]
[PlyCount "61"]
[EventDate "2024.04.05"]
[EventType "swiss"]
[EventRounds "9"]
[EventCountry "SVK"]
[SourceTitle "CB16_2024"]
[SourceDate "2024.04.17"]
[SourceVersion "1"]
[SourceVersionDate "2024.04.17"]
[SourceQuality "1"]

1. e4 e5 2. Nf3 Nc6 3. Bc4 Nf6 4. d3 Bc5 5. c3 d5 6. exd5 Nxd5 7. 0-0 0-0 8. Re1 Bg4 9. h3 Bh5 10. g4 Bg6 11. Nxe5 Nxe5 12. Rxe5 Nf6 13. Rxc5 Re8 14. Bf4 c6 15. Re5 Qd7 16. d4 Rxe5 17. Bxe5 Re8 18. Nd2 Nd5 19. Nf1 Kh8 20. Bd3 f5 21. Ng3 f4 22. Nf5 Bxf5 23. Bxf5 Qe7 24. Qd3 Qh4 25. Kg2 c5 26. Re1 Ne3+ 27. Rxe3 fxe3 28. Qxe3 Qe7 29. Qe4 cxd4 30. cxd4 Rf8 31. Kg3 1-0